Statistics for Environment General Knowledge

Click here to take the quiz!

General Stats

  • This quiz has been taken 164 times
    (153 since last reset)
  • The average score is 5 of 15

Answer Stats

HintAnswer% Correct
The major diet of pandas is: a. Acacia leave b. Bamboo c. GrassBamboo
88%
Shaking of earth's crustEarthquake
88%
Father of evolutionCharles Darwin
85%
Which country is popularly knowns as ‘land of the windmills’?Netherlands
58%
Very small plant and animal living in waterPlankton
40%
What is the instrument used to detect earthquakes?Seismograph
27%
The region of air close to the earth and extending up to 10km high is calledTroposphere
26%
The production of light by living beings is known asBio-luminescence
25%
Animals living in treesArboreal
22%
Which instrument is used to measure wind velocity?Anemometer
17%
Scientist who study about the behaviour of wild animalsEthologist
6%
Living beings that feed on dead or decayed organic matterSaprophyte
5%
Who coined the word ‘ecology’?Ernst Haeckel
2%
What is the unit in which radio activity is measured?Roentgen
0%
Animals that live in the soilTerricolous
0%

Score Distribution

Percentile by Number Answered

Percent of People with Each Score

Your Score History

You have not taken this quiz since the last reset